Estatísticas para Estados dos Estados Unidos

Clique aqui para jogar o quiz

Estatísticas Gerais

  • Esse quiz foi jogado 87 081 vezes
  • A pontuação média é 25 de 50

Respostas no mapa

Respostas codificadas por cores de uma escala verde-vermelha no mapa do quiz de acordo com a % correta abaixo.
Carregando ...
 

Estatísticas das Respostas

Estado% Correto
Califórnia
92%
Texas
92%
Flórida
88%
Alasca
84%
Washington
80%
Nova Iorque
78%
Carolina do Norte
76%
Carolina do Sul
74%
Havaí
69%
Alabama
64%
Nevada
62%
Novo México
62%
Dacota do Sul
57%
Ohio
57%
Dacota do Norte
57%
Geórgia
57%
Colorado
56%
Nova Jérsia
54%
Arizona
54%
Mississíppi
51%
Virgínia
50%
Michigan
49%
Cansas
48%
Pensilvânia
47%
Oregon
47%
Utah
46%
Ilinóis
45%
Arcansas
44%
Luisiana
43%
Montana
42%
Massachusetts
41%
Maine
41%
Indiana
40%
Minnesota
40%
Oklahoma
38%
Idaho
38%
Tennessee
38%
Nebrasca
38%
Missúri
36%
Wisconsin
34%
Iowa
33%
Kentucky
31%
Wyoming
31%
Delaware
30%
Marilândia
28%
Vermont
28%
Virgínia Ocidental
27%
Conecticute
27%
Nova Hampshire
25%
Ilha de Rodes
19%

Distribuição das Pontuações

Percentil de Números Respondidos

Porcentagem de Pessoas com Cada Pontuação

Sua Pontuação Histórica

Você não jogou esse quiz